000 00984nam0a2200301 4500
001 RU\NLR\ONL2\11552
005 20250613130955.0
010 _a978-5-295-04456-4
_92000
035 _a(NLR Aleph) 009659140
090 _a9604864
_c9604864
100 _a20081029d2008 |||y0rusy50 ca
101 0 _abak
102 _aRU
105 _ay |||||||||
200 1 _aЗаман kорбаны
_eповестар
_fМансаф Fилэжев
210 _aӨфө
_cКитап
_d2008
215 _a367,[2] б.
_d22
541 1 _6z01790
_aЖертва времени
_eповести.
_zrus
686 1 _aШ6(2=Баш)7-4
700 1 _aFилэжев
_bМ. Т.
_f1933-
_gМансаф Тажетдин улы
_4070
790 1 _6z01541
_aГилязев
_bМ. Т.
_gМансаф Тажетдинович
_4070
801 0 _aRU
_bNLR
_c20081029
_gPSBO
852 _aNLR
_bОНЛ
_jБашк./3-5064
942 _cBOOK
980 _aNB
980 _aONL_RF